Normal view
MARC view
- Anjineyulu Kothakotta (Guide)
Entry Personal Name
001 - CONTROL NUMBER
- control field: 3234
003 - CONTROL NUMBER IDENTIFIER
- control field: OSt
005 - DATE AND TIME OF LATEST TRANSACTION
- control field: 20180726105431.0
008 - FIXED-LENGTH DATA ELEMENTS
- fixed length control field: 180726|| aca||aabn | a|a d
040 ## - CATALOGING SOURCE
- Original cataloging agency: OSt
- Transcribing agency: OSt
100 ## - HEADING--PERSONAL NAME
- Personal name: Anjineyulu Kothakotta (Guide)
670 ## - SOURCE DATA FOUND
- Source citation: Work cat.: (OSt): Faris K Rinitha P Safvanath P Suparna Devu S 3232, Development and evaluation of equipment for starch extraction from arrowroot(koova), 2018
